<?xml version="1.0" encoding="UTF-8"?>
<record
    xmlns:xsi="http://www.w3.org/2001/XMLSchema-instance"
    xsi:schemaLocation="http://www.loc.gov/MARC21/slim http://www.loc.gov/standards/marcxml/schema/MARC21slim.xsd"
    xmlns="http://www.loc.gov/MARC21/slim">

  <leader>00806cam a22002291a 4500</leader>
  <controlfield tag="001">ne 68002525 </controlfield>
  <controlfield tag="003">DLC</controlfield>
  <controlfield tag="005">20260227111844.0</controlfield>
  <controlfield tag="008">850305s1968    ua            001 0 arar </controlfield>
  <datafield tag="010" ind1=" " ind2=" ">
    <subfield code="a">ne 68002525 </subfield>
  </datafield>
  <datafield tag="035" ind1=" " ind2=" ">
    <subfield code="a">(OCoLC)11766292</subfield>
  </datafield>
  <datafield tag="040" ind1=" " ind2=" ">
    <subfield code="a">DLC</subfield>
    <subfield code="c">TxU-L</subfield>
    <subfield code="d">TxU-L</subfield>
    <subfield code="d">DLC</subfield>
  </datafield>
  <datafield tag="042" ind1=" " ind2=" ">
    <subfield code="a">premarc</subfield>
  </datafield>
  <datafield tag="050" ind1="0" ind2="0">
    <subfield code="a">KRM4048</subfield>
    <subfield code="b">.S25 1968</subfield>
  </datafield>
  <datafield tag="100" ind1="1" ind2=" ">
    <subfield code="a">S&#x101;lim, &#x2BB;Abd al-Muhaymin Bakr.</subfield>
  </datafield>
  <datafield tag="245" ind1="1" ind2="3">
    <subfield code="a">al-Qism al-kh&#x101;&#x1E63;&#x1E63; f&#x12B; q&#x101;n&#x16B;n al-&#x2BB;uq&#x16B;b&#x101;t :</subfield>
    <subfield code="b">Jar&#x101;&#x2BC;im al-i&#x2BB;tid&#x101;&#x2BC; &#x2BB;al&#x101; al-ashkh&#x101;&#x1E63; wa-al-amw&#x101;l /</subfield>
    <subfield code="c">&#x2BB;Abd al-Muhaymin Bakr.</subfield>
  </datafield>
  <datafield tag="260" ind1=" " ind2=" ">
    <subfield code="a">al-Q&#x101;hirah :</subfield>
    <subfield code="b">D&#x101;r al-Nah&#x1E0D;ah al-&#x2BB;Arab&#x12B;yah,</subfield>
    <subfield code="c">1968.</subfield>
  </datafield>
  <datafield tag="300" ind1=" " ind2=" ">
    <subfield code="a">538 p. ;</subfield>
    <subfield code="c">24 cm.</subfield>
  </datafield>
  <datafield tag="504" ind1=" " ind2=" ">
    <subfield code="a">Includes bibliographical references and index.</subfield>
  </datafield>
  <datafield tag="650" ind1=" " ind2="0">
    <subfield code="a">Offenses against the person</subfield>
    <subfield code="z">Egypt.</subfield>
  </datafield>
  <datafield tag="650" ind1=" " ind2="0">
    <subfield code="a">Offenses against property</subfield>
    <subfield code="z">Egypt.</subfield>
  </datafield>
  <datafield tag="999" ind1=" " ind2=" ">
    <subfield code="c">50545</subfield>
    <subfield code="d">50545</subfield>
  </datafield>
</record>
